000 00387cam a22001337a 4500
008 180718b1956 xxu||||| |||| 00| 0 eng d
082 _aA6x54 52 K131
100 _aKanakashbhai, V.
245 _aTamils eighteen hundred years ago
_cby V. Kanakashbhai
250 _a2nd ed.
260 _aMadras
_bSouth India Saiva Siddhant Works Pub. Soviety
_c1956
300 _a264p.
650 _aTamils
999 _c371087
_d371087